000 00998cam a22002535a 4500
999 _c7624
_d7624
005 20200317105642.0
008 030317s2003 enkab 000 0 eng
020 _a0470858311
040 _aUKM
_cDLC
_dUKM
_dOCLCQ
_dVPI
_dDLC
082 0 4 _a720.950
_221
_bBOY
245 0 0 _aUrban flashes Asia :
_bnew architecture and urbanism in Asia /
_cguest-edited by Nicholas Boyarsky and Peter Lang.
260 _aChichester, West Sussex, England :
_bWiley-Academy,
_c2003.
300 _a128 p. :
_bill. (some col.), col. maps ;
_c29 cm.
490 1 _aArchitectural design ;
_vv. 73, no. 5, Sept./Oct. 2003
490 1 _aProfile ;
_vno. 165
650 0 _aCities and towns
_xGrowth.
650 0 _aArchitecture
_zAsia
_xHistory
_y20th century.
650 0 _aArchitecture
_zAsia
_xHistory
_y21st century.
700 1 _aBoyarsky, Nicholas.
700 1 _aLang, Peter,
_d1957-
830 0 _aArchitectural design (London, England : 1971) ;
_vv. 73, no. 5.
830 0 _aArchitectural design profile ;
_v165.
942 _2ddc